[Event "Budapest Art Pub Cup 8th"]
[Site "Budapest"]
[Date "2015.07.09"]
[Round "1"]
[White "Gyurkovics, Miklos"]
[Black "Mate, Levente"]
[Result "1-0"]
[WhiteElo "2102"]
[BlackElo "1734"]
[PlyCount "73"]
[EventDate "2015.07.09"]
[EventType "swiss"]
[EventRounds "7"]
[EventCountry "HUN"]
[SourceTitle "CBM 167 Extra"]
[Source "ChessBase"]
[SourceDate "2015.09.14"]
[SourceVersion "1"]
[SourceVersionDate "2015.09.14"]
[SourceQuality "1"]

1. Nf3 e6 2. d3 d5 3. Nbd2 Nf6 4. e4 dxe4 5. dxe4 Bc5 6. Bd3 Nc6 7. 0-0 0-0 8. e5 Nd5 9. Ne4 Bd4 10. Nxd4 Nxd4 11. Bg5 f6 12. exf6 Nxf6 13. Nxf6+ gxf6 14. Bh6 Rf7 15. Bc4 Nc6 16. Re1 Qe8 17. f4 Na5 18. Qg4+ Kh8 19. Bxe6 Re7 20. f5 Bxe6 21. fxe6 Qg6 22. Qxg6 hxg6 23. Bd2 Nc6 24. Bc3 Kg7 25. g4 Ne5 26. Bxe5 fxe5 27. Rxe5 Kf6 28. Rae1 Rd8 29. g5+ Kg7 30. Kf2 Rd2+ 31. R1e2 Rxe2+ 32. Rxe2 Re8 33. Rd2 Kf8 34. Rd7 Re7 35. Kf3 Ke8 36. Kg4 Rxd7 37. exd7+ 1-0

[Event "HUN-chT U18"]
[Site "Miskolc"]
[Date "2011.11.04"]
[Round "5.3"]
[White "Haszon, Abel"]
[Black "Mate, Levente"]
[Result "0-1"]
[WhiteElo "1805"]
[BlackElo "1691"]
[PlyCount "80"]
[EventDate "2011.11.02"]
[EventType "team-swiss"]
[EventRounds "8"]
[EventCountry "HUN"]
[SourceTitle "EXT 2012"]
[Source "ChessBase"]
[SourceDate "2011.11.24"]
[SourceVersion "1"]
[SourceVersionDate "2011.11.24"]
[SourceQuality "1"]
[WhiteTeam "Marcali"]
[BlackTeam "Debrecen"]
[WhiteTeamCountry "HUN"]
[BlackTeamCountry "HUN"]

1. e4 g6 2. Nc3 d6 3. d4 Bg7 4. f4 c6 5. Be3 Qb6 6. Rb1 Nf6 7. Be2 h5 8. e5 Ng4 9. Bxg4 Bxg4 10. Nf3 dxe5 11. fxe5 Bxe5 12. 0-0 Bg7 13. h3 Bxf3 14. Rxf3 0-0 15. Na4 Qc7 16. Nc5 Nd7 17. Bf4 e5 18. Nxd7 Qxd7 19. Bxe5 Bxe5 20. dxe5 Qxd1+ 21. Rxd1 Rad8 22. Rfd3 Rxd3 23. Rxd3 Re8 24. Rd7 Rxe5 25. Rxb7 Rb5 26. Rxb5 cxb5 27. Kf2 Kf8 28. Ke3 Ke7 29. Kf4 f6 30. h4 Ke6 31. Ke4 Kd6 32. g3 Kc5 33. a3 a6 34. b3 a5 35. Kd3 Kd5 36. Ke3 g5 37. Kd3 a4 38. b4 g4 39. c3 f5 40. Kd2 Kc4 0-1

[Event "Puspokladany Arnoth Memorial 04th"]
[Site "Puspokladany"]
[Date "2011.07.29"]
[Round "4"]
[White "Hegedus, Sandor"]
[Black "Mate, Levente"]
[Result "0-1"]
[WhiteElo "1840"]
[BlackElo "1582"]
[PlyCount "96"]
[EventDate "2011.07.27"]
[EventType "swiss"]
[EventRounds "9"]
[EventCountry "HUN"]
[SourceTitle "EXT 2018"]
[Source "ChessBase"]
[SourceDate "2017.10.13"]
[SourceVersion "1"]
[SourceVersionDate "2017.10.13"]
[SourceQuality "1"]

1. d4 d6 2. e4 Nd7 3. Nf3 g6 4. Bd3 Bg7 5. 0-0 a6 6. c3 c5 7. Be3 b5 8. a4 c4 9. Bc2 Bb7 10. Na3 Ngf6 11. e5 dxe5 12. Nxe5 Nxe5 13. dxe5 Qd5 14. Qxd5 Nxd5 15. Bd4 Nf4 16. f3 Ne2+ 17. Kf2 Nxd4 18. cxd4 Rd8 19. Ke3 Bh6+ 20. f4 Bxg2 21. Rf2 Bc6 22. h4 e6 23. Be4 Bxe4 24. Kxe4 Bf8 25. axb5 Bxa3 26. Rxa3 axb5 27. Ra5 Rb8 28. d5 exd5+ 29. Kxd5 0-0 30. Kc5 c3 31. bxc3 Rfc8+ 32. Kb4 Rc4+ 33. Kb3 Rbc8 34. Rf3 Rb8 35. Ra7 Re4 36. f5 Rxe5 37. fxg6 fxg6 38. Rff7 Rh5 39. Rg7+ Kh8 40. Rgb7 Rc8 41. Ra5 Rxh4 42. Rbxb5 Rhc4 43. Rb7 Rxc3+ 44. Kb2 R3c7 45. Raa7 Rxb7+ 46. Rxb7 h5 47. Kb3 h4 48. Rb4 g5 0-1

[Event "HUN-chT U18"]
[Site "Miskolc"]
[Date "2010.11.03"]
[Round "2.18"]
[White "Mate, Levente"]
[Black "Petras, Tamas"]
[Result "1-0"]
[WhiteElo "1561"]
[BlackElo "1696"]
[PlyCount "45"]
[EventDate "2010.11.02"]
[EventType "team-swiss"]
[EventRounds "8"]
[EventCountry "HUN"]
[SourceTitle "EXT 2016"]
[Source "ChessBase"]
[SourceDate "2015.10.08"]
[SourceVersion "1"]
[SourceVersionDate "2015.10.08"]
[SourceQuality "1"]

1. d4 Nf6 2. Nf3 d5 3. g3 e6 4. Bg2 c5 5. c3 Nc6 6. 0-0 cxd4 7. Nxd4 Be7 8. Nd2 0-0 9. e4 Nxd4 10. cxd4 dxe4 11. Nxe4 Nd5 12. Be3 b6 13. Rc1 Bb7 14. a3 Qd7 15. Qd3 Nxe3 16. fxe3 Rac8 17. Qd2 Bd5 18. Nc3 Bxg2 19. Qxg2 Bg5 20. Qf3 Qc6 21. Ne4 Qd5 22. Rxc8 Rxc8 23. Qxf7+ 1-0